Polskie Wojny - Statystyki

Ogólne statystyki
  • Ten quiz został rozwiązany 343 razy
  • Średni wynik to 15 z 77
Statystyki odpowiedzi
Status Odpowiedzi % Poprawnych
Państwo Rosja
89%
Państwo Szwecja
73%
Państwo / Związek ZSRR / ZSRS
71%
Państwo Czechy
68%
Państwo Niemieckie Prusy
64%
Państwo Litwa
62%
Państwo Austria
61%
Zakon zakon krzyżacki
60%
Państwo Turcja
59%
Państwo Turcja
59%
Państwo Węgry
56%
Państwo Francja
53%
Państwo Słowacja
49%
Państwo Dania
47%
Państwo Włochy
46%
Państwo Rzesza Niemiecka / 3 Rzesza
44%
Państwo Imperium Brytyjskie / Wielka Brytania
35%
Państwo Imperium Osmańskie
35%
Państwo Mongolia
33%
Państwo Mołdawia
30%
Grupa Społeczna / Państwo Kozacy
27%
Państwo Niemieckie Saksonia
27%
Państwo / Związek Austro-Węgry
25%
Państwo / Związek Czechosłowacja
25%
Państwo Niemieckie Brandenburgia
24%
Lud Tatarzy
24%
Państwo Ruś Kijowska
23%
Państwa Dzielnicowe Śląsk
23%
Państwo Mazowsze
16%
Państwo / Związek Święte Cesarstwo Rzymskie
16%
Państwo Wielkie Księstwo Moskwieckie / Moskwa
15%
Państwo Gdańsk
12%
Państwo Irak
12%
Państwo Chanat Krymski
10%
Plemie Pomorzanie
9%
Dawna grupa Społeczna Szlachta
9%
Gubernatorstwo / Państwo Generalne Gubernatorstwo
7%
Państwo Wołoszczyzna
7%
Plemie Wieleci
6%
Plemie Jaćwingowie
5%
Państwo Siedmiogród
5%
Państwo Pomorze Zachodnie
4%
Państwo głogów
3%
Państwo issis / Al-Ka’ida
3%
Państwo Opole
3%
Grupa Społeczna robotnicy
2%
Państwo Niemieckie Turyngia
2%
Partyzantka Ukraińska Powstańcza Armia
2%
Państwo Ukraińska Republika Ludowa
2%
BRAK BRAK
1%
BRAK BRAK
1%
BRAK BRAK
1%
BRAK BRAK
1%
BRAK BRAK
1%
BRAK BRAK
1%
Państwo Halicz
1%
Państwo Księstwo Halickie
1%
Państwo Niemieckie Marchia Łużycka
1%
Plemie Obodryci
1%
Państwo Oleśnica
1%
Państwo Pomorze Gdańskie
1%
Ród Sapiehowie
1%
Plemie Saraceni
1%
Państwo Talibowie
1%
Partyzantka Werwolf
1%
Państwo Zachodnio Ukraińska Republika Ludowa
1%
Polski Ruch Polityczny Edencja / obóz narodowy / Narodowa Demokracja
0%
Stronictwo Polskie Familia
0%
lud Hajdamacy
0%
Zakon Inflancki Zakon Rycerzy Chrystusa
0%
Rebelanci Iraccy rebelianci
0%
Zamachowieć Józef Piłsudski
0%
Księstwo Sląskie Oświęcim
0%
Państwo Płock
0%
Państwo Rosyjska FSRR
0%
Państwo Ukraińska SRR
0%
Partyzantka WiN, NIE, NZW i inne
0%
Nie znaleziono quizów pasujących do podanych kryteriów
Rozkład punktacji
Procent ludzi z każdym wynikiem
Percentyl według liczby udzielonych odpowiedzi
Twoja historia wyników
Nie rozwiązałeś tego quizu